Gaming Quiz

Random Gaming or Pokémon Quiz

Pokemon Moves Causing Flinch Quiz Stats

Quiz not verified by Sporcle

Challenge
Share
Tweet
Embed
Score 0/28 Timer 05:00
0 Plays Today
Type Move % Correct
Dark (Physical)Bite
88.2%
Flying (Special)Air Slash
84.3%
Fire (Physical)Fire Fang
82.4%
Dark (Special)Dark Pulse
81.4%
Ice (Physical)Ice Fang
81.4%
Electric (Physical)Thunder Fang
81.4%
Normal (Physical)Fake Out
80.4%
Normal (Physical)Headbutt
80.4%
Psychic (Physical)Zen Headbutt
79.4%
Dragon (Physical)Dragon Rush
77.5%
Rock (Physical)Rock Slide
77.5%
Ice (Physical)Icicle Crash
75.5%
Water (Physical)Waterfall
74.5%
Steel (Physical)Iron Head
73.5%
Type Move % Correct
Electric (Physical)Zing Zap
71.8%
Ghost (Physical)Astonish
71.6%
Flying (Physical)Sky Attack
71.6%
Dragon (Special)Twister
69.6%
Psychic (Special)Extrasensory
56.9%
Dark (Physical)Fling (holding King's Rock or Razor Fang)
50%
Normal (Physical)Stomp
46.1%
Psychic (Physical)Heart Stamp
45.1%
Ground (Physical)Bone Club
44.1%
Bug (Physical)Steamroller
44.1%
Grass (Physical)Needle Arm
40.2%
Normal (Special)Snore
34.3%
Normal (Physical)Hyper Fang
32.4%
Fighting (Physical)Rolling Kick
32.4%

You're not logged in!

Compare scores with friends on all Sporcle quizzes.
Join for Free
OR
Log In

You Might Also Like...

Show Comments

Extras

Created Mar 8, 2016SourceReportNominate
Tags:Pokémon Quiz, status

Top Quizzes Today


Score Distribution

Your Account Isn't Verified!

In order to create a playlist on Sporcle, you need to verify the email address you used during registration. Go to your Sporcle Settings to finish the process.

Report this User

Report this user for behavior that violates our Community Guidelines.

Details: